| 000 | 00560nam a22001812 4500 | ||
|---|---|---|---|
| 001 | 0000001107 | ||
| 005 | 20151217155807.0 | ||
| 008 | 070226s xx 000 0 eng d | ||
| 040 |
_aKABU _cKABU |
||
| 050 | 0 |
_aBV3625 _b.U3R87 |
|
| 100 | 1 |
_aRussell, J. K. _@0000149636 |
|
| 245 | 1 | 0 |
_aMen without God? : _ba study of the impact of the Christian message in the North of Uganda / _cJ. K. Russell. |
| 260 |
_aLondon : _bHighway Press, _c1966. |
||
| 300 | _a96 p. | ||
| 908 | _a070226 | ||
| 950 | _@1 | ||
| 999 |
_c12496 _d12496 |
||